000 00715nam a2200241Ia 4500
008 220501s2013 xx 000 0 eng d
020 _a9781259026713
082 _a658.4032 OBR-M
100 _aO'Brien, James A
245 0 _aManagement information system
_cJames A O'Brien, Geoprge M Marakas and Ramesh Behl
250 _a10th
260 _aChennai
_bMcGraw Hill
_c2013
300 _axli, 954p.
650 _aAnalytics
650 _aBusiness - Data processing
650 _aComputer networks
650 _aElectronic commerce
650 _aInformation technology - Management
650 _aManagement information systems
700 _aBehl, Ramesh
700 _aMarakas,George M
942 _2ddc
_cBK
999 _c18347
_d18347